| 000 | 00697nam a2200205 a 4500 | ||
|---|---|---|---|
| 005 | 20170925093757.0 | ||
| 008 | 140221b1991 bl ||||| |||| 00| 0 por d | ||
| 040 |
_aCO-BoIAVH _cCO-BoIAVH |
||
| 041 | _apor | ||
| 044 | _abl | ||
| 082 |
_a578.09 _bP21i1 |
||
| 100 | _aPapavero, Nelson | ||
| 245 | 1 |
_aIntroducao historica a biologia comparada com especial referencia a biogeografia _bIII de Nicolau de Cusa a Francis Bacon (1493-1634) |
|
| 260 |
_aRío de Janeiro _bEditora Universitaria Santa Ursula _c1991 |
||
| 300 |
_a209 páginas _c21 x 14 cm |
||
| 650 | 1 | 4 | _aBiología comparada |
| 650 | 1 | 4 | _aBiogeografía |
| 650 | 1 | 4 | _aHistoria de la biología |
| 942 |
_cLIBRO _2ddc |
||
| 999 |
_c571 _d571 |
||